<?xml version="1.0" encoding="UTF-8"?>
<record
    xmlns:xsi="http://www.w3.org/2001/XMLSchema-instance"
    xsi:schemaLocation="http://www.loc.gov/MARC21/slim http://www.loc.gov/standards/marcxml/schema/MARC21slim.xsd"
    xmlns="http://www.loc.gov/MARC21/slim">

  <leader>00905nam a22002777a 4500</leader>
  <controlfield tag="005">20251212135228.0</controlfield>
  <controlfield tag="008">251212b        |||||||| |||| 00| 0 eng d</controlfield>
  <datafield tag="017" ind1=" " ind2=" ">
    <subfield code="a">LD.8122</subfield>
  </datafield>
  <datafield tag="018" ind1=" " ind2=" ">
    <subfield code="a">2025</subfield>
  </datafield>
  <datafield tag="020" ind1=" " ind2=" ">
    <subfield code="a">9789786935119</subfield>
  </datafield>
  <datafield tag="040" ind1=" " ind2=" ">
    <subfield code="a">NLN</subfield>
    <subfield code="b">English</subfield>
    <subfield code="e">AACR2</subfield>
  </datafield>
  <datafield tag="050" ind1=" " ind2=" ">
    <subfield code="a">DT515.83.A312</subfield>
    <subfield code="b">A312</subfield>
  </datafield>
  <datafield tag="082" ind1=" " ind2=" ">
    <subfield code="a">923.4669</subfield>
  </datafield>
  <datafield tag="100" ind1=" " ind2=" ">
    <subfield code="a">AJAH, Moses N.</subfield>
    <subfield code="e">aut</subfield>
    <subfield code="9">69073</subfield>
  </datafield>
  <datafield tag="245" ind1=" " ind2=" ">
    <subfield code="a">Heartbeats of half a century /</subfield>
    <subfield code="c">Moses N. Ajah and Veronica Uchechi Ajah</subfield>
  </datafield>
  <datafield tag="260" ind1=" " ind2=" ">
    <subfield code="a">[S.l.] :</subfield>
    <subfield code="b">Slim Fingers, </subfield>
    <subfield code="c">2025</subfield>
  </datafield>
  <datafield tag="300" ind1=" " ind2=" ">
    <subfield code="a">ix, 147p. :</subfield>
    <subfield code="b">Col. ill. col. ports. ; 20cm.</subfield>
  </datafield>
  <datafield tag="500" ind1=" " ind2=" ">
    <subfield code="a">Bibliography : p. 143</subfield>
  </datafield>
  <datafield tag="563" ind1=" " ind2=" ">
    <subfield code="a">(pbk.)</subfield>
  </datafield>
  <datafield tag="650" ind1=" " ind2=" ">
    <subfield code="a">Ajah, Maryrose Ogechukwu, 1975-</subfield>
    <subfield code="9">69074</subfield>
  </datafield>
  <datafield tag="650" ind1=" " ind2=" ">
    <subfield code="a">Lawyers</subfield>
    <subfield code="v">Nigeria</subfield>
    <subfield code="x">Biography</subfield>
    <subfield code="9">27625</subfield>
  </datafield>
  <datafield tag="650" ind1=" " ind2=" ">
    <subfield code="a">Anyaegbu, Mathew Chinonye, 1935-2018</subfield>
    <subfield code="9">69075</subfield>
  </datafield>
  <datafield tag="650" ind1=" " ind2=" ">
    <subfield code="a">Anyaegbu, Ezinne Angela Akuchukwu, 1950-</subfield>
    <subfield code="9">69076</subfield>
  </datafield>
  <datafield tag="700" ind1=" " ind2=" ">
    <subfield code="a">Ajah, Veronica U.</subfield>
    <subfield code="e">ctb</subfield>
    <subfield code="9">69077</subfield>
  </datafield>
  <datafield tag="942" ind1=" " ind2=" ">
    <subfield code="c">BK</subfield>
    <subfield code="n">0</subfield>
  </datafield>
  <datafield tag="999" ind1=" " ind2=" ">
    <subfield code="c">34041</subfield>
    <subfield code="d">34041</subfield>
  </datafield>
  <datafield tag="952" ind1=" " ind2=" ">
    <subfield code="0">0</subfield>
    <subfield code="1">0</subfield>
    <subfield code="2">lcc</subfield>
    <subfield code="4">0</subfield>
    <subfield code="7">0</subfield>
    <subfield code="a">ABJ</subfield>
    <subfield code="b">MAIN</subfield>
    <subfield code="d">2025-12-12</subfield>
    <subfield code="e">Legal deposit</subfield>
    <subfield code="i">466460</subfield>
    <subfield code="l">0</subfield>
    <subfield code="o">DT515.83.A312 A31</subfield>
    <subfield code="p">466460</subfield>
    <subfield code="r">2025-12-12 13:54:55</subfield>
    <subfield code="t">1</subfield>
    <subfield code="w">2025-12-12</subfield>
    <subfield code="y">BK</subfield>
  </datafield>
  <datafield tag="952" ind1=" " ind2=" ">
    <subfield code="0">0</subfield>
    <subfield code="1">0</subfield>
    <subfield code="2">lcc</subfield>
    <subfield code="4">0</subfield>
    <subfield code="7">0</subfield>
    <subfield code="a">LAG</subfield>
    <subfield code="b">MAIN</subfield>
    <subfield code="d">2025-12-12</subfield>
    <subfield code="e">Legal deposit</subfield>
    <subfield code="i">466462</subfield>
    <subfield code="l">0</subfield>
    <subfield code="o">DT515.83.A312 A31</subfield>
    <subfield code="p">466462</subfield>
    <subfield code="r">2025-12-12 13:56:01</subfield>
    <subfield code="t">1</subfield>
    <subfield code="w">2025-12-12</subfield>
    <subfield code="y">BK</subfield>
  </datafield>
  <datafield tag="952" ind1=" " ind2=" ">
    <subfield code="0">0</subfield>
    <subfield code="1">0</subfield>
    <subfield code="2">lcc</subfield>
    <subfield code="4">0</subfield>
    <subfield code="7">0</subfield>
    <subfield code="a">OWE</subfield>
    <subfield code="b">MAIN</subfield>
    <subfield code="d">2025-12-12</subfield>
    <subfield code="e">Legal deposit</subfield>
    <subfield code="i">466461</subfield>
    <subfield code="l">0</subfield>
    <subfield code="o">DT515.83.A312 A31</subfield>
    <subfield code="p">466461</subfield>
    <subfield code="r">2025-12-12 13:57:26</subfield>
    <subfield code="t">1</subfield>
    <subfield code="w">2025-12-12</subfield>
    <subfield code="y">BK</subfield>
  </datafield>
</record>
